000 01045nam a2200277 c 4500
999 _c342104
_d342104
003 BLK
005 20230127115301.0
008 180911b bul|||||r ||||||| ||bul||
010 _a001741
040 _aBLK
041 _aBUL
_cBUL
080 _aБотев, Христо
_x92
_z949.72.04.22(092)92
100 _aНачов, Никола Енев
_eпърви автор
_9280231
245 0 0 _aДе е роден Христо Ботйов ?
260 _aСофия
_bФакел
_c1933
_fБ. А. Кожухаров
300 _a19 с
_c23 см
380 _a9
490 _aКалоферска благотворителна и културно-просветна дружба
490 _aЧастна колекция - Академик Михаил Арнаудов
_gДарение - Основен фонд
500 _aАвтограф с текст: Г-н професор М. Арнаудов тук
650 _aБиографии
_9148657
655 _aбългарска история
_9486146
700 1 _aН. Начов
_9396795
852 _aМА 260
_bМА
856 _i0.00
_ldisable
942 _cKNG
_n0
_s1
944 _aCR
_c1995
_kValK
999 _d342104
999 _d342104
999 _d342104